Logo BPK

Biblioteka

Politechniki Koszalińskiej

Niezawodność systemów wodociągowych i kanalizacyjnych w zadaniach : (Rekord nr 53279)

Szczegóły MARC
000 -ETYKIETA REKORDU
podpole kontrolne o stałej długości 00854nam a2200265 i 4500
001 - NUMER KONTROLNY REKORDU
pole kontrolne bg
020 ## - MIĘDZYNARODOWY ZNORMALIZOWANY NUMER KSIĄŻKI - ISBN
ISBN 8372424071
020 ## - MIĘDZYNARODOWY ZNORMALIZOWANY NUMER KSIĄŻKI - ISBN
ISBN 9788372424075
040 ## - ŹRÓDŁO KATALOGOWANIA
Instytucja, która utworzyła rekord BPK
041 0# - KOD JĘZYKA
Kod języka tekstu pol
080 ## - UNIWERSALNA KLASYFIKACJA DZIESIĘTNA - UKD
UKD 628.1/.2:62-192](075.8)
920 ## - Międzynarodowy znormalizowany numer książki – ISBN
ISBN 83-7242-407-1
920 ## - Międzynarodowy znormalizowany numer książki – ISBN
ISBN 978-83-7242-407-5
008 - POLE O STAŁEJ DŁUGOŚCI - DANE KONTROLNE
podpole kontrolne o stałej długości s pl f |000 0 pol
100 1# - NAZWA OSOBOWA
Nazwa osobowa BAJER, Jarosław
245 10 - TYTUŁ/ODPOWIEDZIALNOŚĆ
Tytuł Niezawodność systemów wodociągowych i kanalizacyjnych w zadaniach :
Ciąg dalszy tytułu podręcznik dla studentów wyższych szkół technicznych /
Pozostałe elementy strefy tytułu i oznaczenia odpowiedzialności Jarosław Bajer, Ryszard Iwanejko, Jadwiga Kapcia.
260 ## - STREFA ADRESU WYDAWNICZEGO
Miejsce wydania Kraków :
Nazwa wydawcy/dystrybutora Wydawnictwo Politechniki Krakowskiej,
Data publikacji, dystrybucji/powstania dokumentu 2006.
300 ## - STREFA OPISU FIZYCZNEGO
Objętość 213 s. :
Inne cechy fizyczne rys. ;
Rozmiary 24 cm.
504 ## - UWAGA DOTYCZĄCA BIBLIOGRAFII
Informacje o bibliografii Bibliogr.
650 #9 - HASŁO PRZEDMIOTOWE W FORMIE NAZWY OGÓLNEJ LUB JEDNOSTKOWEJ
Nazwa ogólna lub geograficzna Wodociągi
650 #9 - HASŁO PRZEDMIOTOWE W FORMIE NAZWY OGÓLNEJ LUB JEDNOSTKOWEJ
Nazwa ogólna lub geograficzna Kanalizacja
650 #9 - HASŁO PRZEDMIOTOWE W FORMIE NAZWY OGÓLNEJ LUB JEDNOSTKOWEJ
Nazwa ogólna lub geograficzna Niezawodność urządzeń
655 ## - TERMIN INDEKSOWY - OKREŚLENIE RODZAJU/FORMY DOKUMENTU
Określenie rodzaju/formy dokumentu Podręczniki akademickie
856 ## - LOKALIZACJA I DOSTĘP DO ELEKTRONICZNYCH DOKUMENTÓW ZDALNYCH
Link (URL) http://koha.tu.koszalin.pl/cgi-bin/koha/opac-detail.pl?biblionumber=53279
Tekst linku Katalog online BPK
942 ## - DODATKOWE ELEMENTY (KOHA)
Typ dokumentu Książka
Egzemplarze
Wycofany Status egzemplarza Uszkodzony Dostępność Lokalizacja stała Lokalizacja bieżąca Miejsce przechowywania Sygnatura Kod kreskowy Dział Typ dokumentu
      Tylko na miejscu Biblioteka Politechniki Koszalińskiej Biblioteka Politechniki Koszalińskiej Czytelnia BG 83106 02368238 628.1/.3 Wodociągi. Kanalizacja. Ścieki Książka
© 2023 Biblioteka Politechniki Koszalińskiej :: KOHA